• 首页
  • 本馆介绍
  • 公告通知
  • 最新文献
  • 馆藏检索
  • 电子资源
  • 读者导购
  • 参考咨询
  • 我的图书馆
  • 登录
  • 详细信息显示
  • 放入我的书架
  • 预约/预借图书
  • 作者相关作品
  • 分类相关作品
  • 丛书相关作品
  • 出版社相关作品

书目信息

  • 表格格式
  • 工作单格式
  • 卡片格式
题名:
卡塔尔通史
    
 
作者: 马哈茂德·白海则·西奈 著 ;北京第二外国语学院亚非语系阿拉伯语教研室 译
分册:  
出版信息: 北京   北京人民出版社  1974.12
页数: 339页
开本: 20cm
丛书名:
单 册:
中图分类: K385
科图分类:
主题词: 亚洲--历史
电子资源:
ISBN:
000 00834nam0 2200241 45
001 0212190976
005 20031219104102.5
010    @dCNY1.00
091    @a11071.14
100    @a20021219d1974 km y0chiy0120 ea
101 0  @achi
105    @ab z 000yy
200 1  @a卡塔尔通史@AKa Ta Er Tong Shi@f(伊拉克)马哈茂德·白海则·西奈著@F(Yi La Ke)Ma Ha Mao De·Bai Hai Ze·Xi Nai Zhu@g北京第二外国语学院亚非语系阿拉伯语教研室译
210    @a北京@c北京人民出版社@d1974.12
215    @a339页@c地图@d20cm
300    @a内部参考读物
300    @a附录
606 0  @a亚洲@x历史
690    @aK385@v3
701  0 @a马哈茂德·白海则·西奈@4著
712 02 @a北京第二外国语学院亚非语系阿拉伯语教研室@ABei Jing Di Er Wai Guo Yu Xue Yuan Ya Fei Yu Xi A La Bo Yu Jiao Yan Shi@4译
801    @aCN@bTSTC@c20021219
905    @f1@b219225@dK385@e5
    
    卡塔尔通史/(伊拉克)马哈茂德·白海则·西奈著/北京第二外国语学院亚非语系阿拉伯语教研室译.-北京:北京人民出版社,1974.12
    339页:地图;20cm
    内部参考读物.-附录
    
    ISBN :CNY1.00
    
●
相关链接 在E读中查询图书 在五车中查询图书 在当当中查询图书 在豆瓣中查询图书


正题名:卡塔尔通史     索取号:K385/5         预约/预借

序号 登录号 条形码 馆藏地/架位号 状态 备注
1 0219225   001746258   第二样本阅览室/ [索取号:K385/5] 在馆    
唐山师范学院图书馆 欢迎您!
大连网信软件有限公司© 版权所有